000 00998cam a22002411 4500
001 l 40000147
003 DLC
005 20260227111537.0
008 800708s1940 dcu f100 0 eng c
010 _al 40000147
035 _a(OCoLC)6495170
040 _aU.S. Dept. of labor. Libr.
_cOCl
_dDLC
050 0 0 _aHV741
_b.W67 1939-40b
111 2 _aWhite House Conference on Children in a Democracy
_d(1939-1940 :
_cWashington, D.C.)
245 1 0 _aRecommendations of the White House conference on children in a democracy, January 18-20, 1940.
260 _a[Washington,
_bU.S. Govt. print. off.,
_c1940]
300 _a1 p. l., 26, [2] p.
_c26 cm.
500 _aIssued by the Children's bureau, United States Department of labor.
500 _a"These recommendations are included in the General report adopted by the Conference January 19, 1940."
650 0 _aChild welfare
_vCongresses.
650 0 _aChildren
_xHealth and hygiene
_vCongresses.
710 1 _aUnited States.
_bChildren's Bureau.
999 _c36338
_d36338